|
|
|
|
| LEADER |
00658cam a2200193 7i4500 |
| 001 |
0000039423 |
| 005 |
20151217090000.0 |
| 020 |
|
|
|a 1582796378
|
| 090 |
0 |
0 |
|a RA778
|b .O89 2005
|
| 245 |
0 |
0 |
|a Overcoming female discomforts
|c editor-in-chief, Isabel Toyos.
|
| 260 |
|
|
|a Naples, FL:
|b Trident Reference Publishing,
|c 2005.
|
| 300 |
|
|
|a 63 p.:
|b col. ill.;
|c 27 cm.
|
| 490 |
1 |
|
|a Med express natural healing series
|
| 650 |
0 |
0 |
|a Caricatures and cartoons --
|x Technique
|
| 650 |
0 |
0 |
|a Self-care, Health
|
| 650 |
0 |
0 |
|a Alternative medicine
|
| 650 |
0 |
0 |
|a Women --
|x Health and hygiene
|
| 700 |
1 |
|
|a Toyos, Isabel
|
| 999 |
|
|
|a 0000052980
|b BOK
|c OPEN SHELF
|e 1st Floor, Shah Alam
|